00288 a2200109 4500000002500000020001800025100001600043245006300059250001900122260002000141999001700161 nam a22 7a 4500 a9780128006450 aPharr, Matt aPhysically based rendering : from theory to implementation aThird edition. bElsevier,c2017 c85586d85586